000 00625nam a2200217 i 4500
001 bg
100 1 _aWEISS, Ireneusz
245 1 0 _aObligacje /
_cIreneusz Weiss.
260 _aWarszawa :
_b"KiK" Konieczny i Kruszewski,
_c1997.
300 _a99, [1] s. ;
_c21 cm.
490 1 _aBiblioteka Przeglądu Prawa Handlowego
650 9 _aPapiery wartościowe
_xprawo
_zPolska
_ystan na 1997 r.
830 _aBiblioteka Przeglądu Prawa Handlowego
020 _a8390581965
040 _cBPK
041 0 _apl
080 _a347.731(438)
920 _a83-905819-6-5
942 _cKS
008 s pl f |000 0 pol
999 _c33709
_d33709
856 _uhttp://koha.tu.koszalin.pl/cgi-bin/koha/opac-detail.pl?biblionumber=33709
_yKatalog online BPK